Alphabet Game: K Quiz Stats

 Plays Quiz not verified by Sporcle

Support Sporcle.
Go Orange.
Score 0/35 Timer 10:00
0 Plays Today
Hint Answer % Correct
US StatesKentucky
96.9%
US StatesKansas
96.3%
Rock and Roll HOF PerformersAlbert King
93.8%
Rock and Roll HOF PerformersB.B. King
93.8%
Books of the BibleKings (I & II)
90.1%
Big 4 Sports Team NicknamesKings
90.1%
CountriesKenya
89.4%
US PresidentsJohn F. Kennedy
86.3%
CountriesKazakhstan
79.5%
Greek LettersKappa
77.6%
Shakespeare PlaysKing Lear
72%
CountriesKuwait
70.2%
Components of ClueKitchen
69.6%
Fruits/VegetablesKiwi
69.6%
CountriesKyrgyzstan
68.9%
Components of ClueKnife (Dagger)
68.3%
Seven Deadly Sins/Seven VirtuesKindness
67.7%
Fruits/VegetablesKale
67.7%
Hint Answer % Correct
CountriesKosovo
66.5%
ElementsKrypton
66.5%
Big 4 Sports Geographic NamesKansas City
65.2%
Major Automobile BrandsKia
65.2%
Big 4 Sports Team NicknamesKnicks
64.6%
Oscar Best Actor/Actress WinnersNicole Kidman
63.4%
CountriesKiribati
62.7%
Oscar Best Actor/Actress WinnersBen Kingsley
60.9%
Oscar Best Actor/Actress WinnersDiane Keaton
52.8%
Monopoly PropertiesKentucky Avenue
50.3%
Oscar Best Picture WinnersThe King's Speech
49.7%
Rock and Roll HOF PerformersKiss
42.9%
Shakespeare PlaysKing John
42.2%
Oscar Best Picture WinnersKramer vs. Kramer
42.2%
Rock and Roll HOF PerformersThe Kinks
41%
Fruits/VegetablesKumquat
40.4%
Oscar Best Actor/Actress WinnersGrace Kelly
25.5%

You're not logged in!

Compare scores with friends on all Sporcle quizzes.
OR
Log In

From the Vault

Closest Countries to China

by NarwhalNukeYT

Close in distance, or close like they're good friends?
Remove Ads.
Support Sporcle.
Get the best of Sporcle when you Go Orange. This ad-free experience offers more features, more stats, and more fun while also helping to support Sporcle. Thank you for becoming a member.

Show Comments

Extras

Created Jan 16, 2016ReportNominate
Tags:Alphabet Quiz, start

Top Quizzes Today


Score Distribution

Your Account Isn't Verified!

In order to create a playlist on Sporcle, you need to verify the email address you used during registration. Go to your Sporcle Settings to finish the process.

Report this User

Report this user for behavior that violates our Community Guidelines.

Details: